Chinese - African Relations in the Energy Sector

Zmluvné základy a rozvoj vzťahov medzi rozvíjajúcimi sa ekonomikami - Čínou a africkými krajinami v energetickom sektore

Gespeichert in:
Bibliographische Detailangaben
1. Verfasser: Hlavová, Natália, 1991-
Format: Buchkapitel
Sprache:Englisch
Schlagworte:
Tags: Tag hinzufügen
Keine Tags, Fügen Sie das erste Tag hinzu!

MARC

LEADER 00000naa a2200000 4500
001 0238512
005 20240502083638.2
041 0 |a eng 
044 |a CA 
245 1 0 |a Chinese - African Relations in the Energy Sector  |c Natália Hlavová 
520 |a Zmluvné základy a rozvoj vzťahov medzi rozvíjajúcimi sa ekonomikami - Čínou a africkými krajinami v energetickom sektore 
610 2 0 |a Čína 
610 2 0 |a Afrika 
610 2 0 |a politika energetická 
610 2 0 |a energetika 
610 2 0 |a vzťahy ekonomické 
100 1 |a Hlavová, Natália, 1991-